|
|
|
|
| LEADER |
00000nam0a2200000 4500 |
| 001 |
38137 |
| 005 |
20231031005035.0 |
| 035 |
|
|
|a (RuTPU)RU\TPU\book\38758
|
| 090 |
|
|
|a 38137
|
| 100 |
|
|
|a 20020220d1970 km y0rusy50 ca
|
| 101 |
0 |
|
|a rus
|
| 102 |
|
|
|a UA
|
| 105 |
|
|
|a a g 001zy
|
| 200 |
1 |
|
|a Цифровые измерительные приборы и системы
|e Справочник
|f С. С. Хризман
|
| 210 |
|
|
|a Киев
|c Наукова думка
|d 1970
|
| 215 |
|
|
|a 328 с.
|c ил.
|
| 320 |
|
|
|a Библиогр.: с. 316-325
|
| 610 |
1 |
|
|a измерительная техника
|
| 610 |
1 |
|
|a цифровые измерительные приборы
|
| 610 |
1 |
|
|a дискретные измерения
|
| 610 |
1 |
|
|a цифровые вольтметры
|
| 610 |
1 |
|
|a цифровые омметры
|
| 610 |
1 |
|
|a цифровые мосты
|
| 610 |
1 |
|
|a цифровые счетчики
|
| 610 |
1 |
|
|a цифровые фазометры
|
| 610 |
1 |
|
|a цифровые регистраторы
|
| 610 |
1 |
|
|a частотометры
|
| 610 |
1 |
|
|a справочники
|
| 675 |
|
|
|a 621.317.7(035)
|v 3
|
| 700 |
|
1 |
|a Хризман
|b С. С.
|g Станислав Симонович
|
| 801 |
|
1 |
|a RU
|b 63413507
|c 20020220
|g PSBO
|
| 801 |
|
2 |
|a RU
|b 63413507
|c 20210810
|g PSBO
|
| 942 |
|
|
|c BK
|